000
00285nam a22001337a 4500
008
190225b xxu||||| |||| 00| 0 eng d
020
_a
9780155826106
041
_a
eng
080
_a
821
100
_a
22
101
_a
GJL
245
_a
Sound and Sense
_c
Perrine, L
942
_2
udc
_c
BK
999
_c
54202
_d
54202